UM Logo
Normal view MARC view
  • McMullen, Brock.

Entry Corporate Name

Number of records used in: 1

001 - CONTROL NUMBER

  • control field: 66930

003 - CONTROL NUMBER IDENTIFIER

  • control field: OSt

005 - DATE AND TIME OF LATEST TRANSACTION

  • control field: 20250819134039.0

008 - FIXED-LENGTH DATA ELEMENTS

  • fixed length control field: 250819|| aca||aabn | a|a d

040 ## - CATALOGING SOURCE

  • Original cataloging agency: OSt

110 ## - HEADING--CORPORATE NAME

  • Corporate name or jurisdiction name as entry element: McMullen, Brock.
  • Relator term: author.